Hypotéza permanentního příjmu v zemích Vysegrádské skupiny

Formulácia kritérií pre stanovenie podielu domácností, na ktorých je možné aplikovať spotrebné výdavky, ako teóriu permanentného príjmu. Aplikácia na domácnostiach v Českej republike a v krajinách Vyšehrádskej štvorky.

Gespeichert in:
Bibliographische Detailangaben
1. Verfasser: Pánková, Václava
Format: Buchkapitel
Sprache:Tschechisch
Schlagworte:
Tags: Tag hinzufügen
Keine Tags, Fügen Sie das erste Tag hinzu!

MARC

LEADER 00000naa a2200000 4500
001 0198602
005 20231207102617.2
041 0 |a cze 
044 |a CZ 
245 1 0 |a Hypotéza permanentního příjmu v zemích Vysegrádské skupiny  |c Václava Pánková 
520 |a Formulácia kritérií pre stanovenie podielu domácností, na ktorých je možné aplikovať spotrebné výdavky, ako teóriu permanentného príjmu. Aplikácia na domácnostiach v Českej republike a v krajinách Vyšehrádskej štvorky. 
610 2 0 |a domácnosti 
610 2 0 |a príjmy domácností 
610 2 0 |a spotreba domácností 
610 2 0 |a index nákladov životných 
610 2 0 |a Česko 
610 2 0 |a Vyšehradská štvorka 
100 1 |a Pánková, Václava